<?xml version="1.0" encoding="UTF-8"?>
<marc:record xmlns:marc="http://www.loc.gov/MARC21/slim">
   <marc:leader>00000nam a2200000 a 4500</marc:leader>
   <marc:datafield ind1="1" ind2=" " tag="100">
      <marc:subfield code="a">Grant, Cary</marc:subfield>
   </marc:datafield>
   <marc:datafield ind1="1" ind2=" " tag="100">
      <marc:subfield code="a">Kelly, Grace</marc:subfield>
   </marc:datafield>
   <marc:datafield ind1="1" ind2=" " tag="100">
      <marc:subfield code="a">Hitchcock, Alfred</marc:subfield>
   </marc:datafield>
   <marc:datafield ind1=" " ind2=" " tag="653">
      <marc:subfield code="a">Hitchcock</marc:subfield>
   </marc:datafield>
   <marc:datafield ind1=" " ind2=" " tag="653">
      <marc:subfield code="a">Alfred</marc:subfield>
   </marc:datafield>
   <marc:datafield ind1="0" ind2="0" tag="245">
      <marc:subfield code="a">Über den Dächern von Nizza [Bildtonträger]</marc:subfield>
   </marc:datafield>
   <marc:datafield ind1="0" ind2="0" tag="245">
      <marc:subfield code="c">Regie: Alfred Hitchcock. Mit Grace Kelly, Cary Grant ...</marc:subfield>
   </marc:datafield>
   <marc:datafield ind1=" " ind2="1" tag="264">
      <marc:subfield code="b">Paramount</marc:subfield>
   </marc:datafield>
   <marc:datafield ind1="1" ind2=" " tag="490">
      <marc:subfield code="a">Süddeutsche Zeitung Cinemathek</marc:subfield>
      <marc:subfield code="v">13</marc:subfield>
   </marc:datafield>
   <marc:datafield ind1="1" ind2=" " tag="520">
      <marc:subfield code="a">Cary Grant ist John Robie, ein ehemaliger Juwelen-Dieb, berüchtigt als "Die Katze", in diesem spannungsgeladenen Hitchcock-Thriller. Robie gerät in Verdacht, eine neue Reihe von Juwelendiebstählen in den Luxushotels an der Riviera begangen zu haben. Um sich selbst zu entlasten, macht er Jagd nach dem wahren Dieb. Dabei trifft er auf die verwöhnte Erbin Frances . Robie sieht seine Chance , den geheimnisvollen Dieb mit dem berühmten Schmuck von Frances Mutter zu ködern. Er tappt jedoch in seine eigene Falle - aber Frances, die ihn für schuldig hält, beweist ihm ihre Liebe, indem sie ihm trotzdem zur Flucht verhilft. In einem nervenzerreissenden Höhepunkt wird der wahre Dieb entlarvt.</marc:subfield>
   </marc:datafield>
   <marc:datafield ind1=" " ind2=" " tag="500">
      <marc:subfield code="a">Orig. : USA 1955. Sprache: Deutsch (Dolby Digital 1.0), Englisch (Dolby Digital 1.0), Französisch (Dolby Digital 1.0), Italienisch (Dolby Digital 1.0), Spanisch (Dolby Digital 1.0). Untertitel: Deutsch, Englisch (für Hörgeschädigte), Englisch, Französisch</marc:subfield>
   </marc:datafield>
   <marc:datafield ind1="0" ind2=" " tag="490">
      <marc:subfield code="v">0</marc:subfield>
   </marc:datafield>
   <marc:datafield ind1=" " ind2=" " tag="338">
      <marc:subfield code="a">Videodisk</marc:subfield>
   </marc:datafield>
   <marc:datafield ind1=" " ind2=" " tag="300">
      <marc:subfield code="a">1 DVD (ca. 102 Min.)</marc:subfield>
   </marc:datafield>
</marc:record>
